| 000 | 00419nam a2200145Ia 4500 | ||
|---|---|---|---|
| 008 | 230312s9999||||xx |||||||||||||| ||und|| | ||
| 082 |
_a519.5 _bSTO-I |
||
| 100 | _aJohn R. Stockton | ||
| 245 | 0 | _aIntroduction To Business and Economic Statistics | |
| 260 |
_bSouth - Western _aCincinnati _c1966 |
||
| 300 | _a632 | ||
| 546 | _aEng. | ||
| 650 |
_aEconomics _vIntroduction , Statistical Description |
||
| 942 | _cBK | ||
| 999 |
_c2189 _d2189 |
||